| 000 | 00798na a2200277 4500 | ||
|---|---|---|---|
| 001 | 23759 | ||
| 003 | MIRAKIL | ||
| 005 | 20181213155317.0 | ||
| 008 | 171220b tu 000 0 | ||
| 020 | _a975779807X | ||
| 040 |
_aMilas _btur _cTR-AnCHP |
||
| 041 | _atur | ||
| 082 |
_a371.10092 _bP34p 2003 |
||
| 090 | _a371.10092 P34p 2003 | ||
| 100 | _aPekin, Hüseyin | ||
| 245 |
_aPestalozzi'nin izinde _cHüseyin Pekin, Mustafa Gazalcı |
||
| 250 | _agnşl. 2. bs. | ||
| 260 |
_aAnkara _bEĞİT-DER yayınları _c2003 |
||
| 300 |
_a154 s. _bfotğ. _c19 sm. |
||
| 440 |
_aEĞİT-DER yayınları _v8 |
||
| 500 | _aYapıt yazarından imzalıdır. | ||
| 600 |
_aPestalozzi, J. Heinrich _d1746-1827 |
||
| 650 |
_aEğitimciler _zİsviçre |
||
| 700 | _aGazalcı, Mustafa | ||
| 942 |
_2dcc _cBKS |
||
| 999 |
_c10340 _d10340 |
||